Statistics for Name 20 of the Most Populated Cities

Click here to take the quiz!

General Stats

  • This quiz has been taken 18 times
  • The average score is 17 of 20

Answer Stats

HintAnswer% Correct
ChinaBeijing
100%
ArgentinaBuenos Aires
93%
EgyptCairo
93%
IndiaDelhi
93%
TurkeyIstanbul
93%
MexicoMexico City
93%
JapanOsaka
93%
ChinaShanghai
93%
JapanTokyo
93%
BangladeshDhaka
86%
PakistanKarachi
86%
Democratic Republic of the CongoKinshasa
86%
PhilippinesManila
86%
IndiaMumbai
86%
BrazilSao Paulo
86%
IndiaKolkata
79%
NigeriaLagos
71%
ChinaGuangzhou
64%
ChinaTianjin
57%
ChinaChongqing
50%

Score Distribution

Percentile by Number Answered

Percent of People with Each Score

Your Score History

You have not taken this quiz